Normal view
MARC view
- الإرشاد المدرسي-الإرشاد التربوي
Entry Topical Term
001 - CONTROL NUMBER
- control field: 42792
003 - CONTROL NUMBER IDENTIFIER
- control field: JO-AjAnu
005 - DATE AND TIME OF LATEST TRANSACTION
- control field: 20230606081110.0
008 - FIXED-LENGTH DATA ELEMENTS
- fixed length control field: 230606|| aca||aabn | a|a d
040 ## - CATALOGING SOURCE
- Original cataloging agency: JO-AjAnu
- Transcribing agency: JO-AjAnu
150 ## - HEADING--TOPICAL TERM
- Topical term or geographic name entry element: الإرشاد المدرسي-الإرشاد التربوي
670 ## - SOURCE DATA FOUND
- Source citation: Work cat.: (JO-AjAnu)21917: دبور، عبد اللطيف مؤلف/الصافي، عبد الحكيم م.مشارك, author 42791, الإرشاد المدرسي بين النظرية والتطبيق